000 00471cam a2200169ua 4500
003 OSt
008 241223b |||||||| |||| 00| 0 eng d
020 _a81 203 0348 2
041 _aeng
082 _a621.381
_bGOT/DI
100 _aGothmann, William H .
_96557
245 _aDigital electronics : an introduction to theory and practice /
250 _a2 /
260 _aNew Delhi :
_bPrentice Hall of India Pvt Ltd. ,
_c1998.
300 _a383 ; .
942 _cBK
999 _c10254
_d10254